| 000 | 00553nam a22001697a 4500 | ||
|---|---|---|---|
| 003 | CEME | ||
| 005 | 20210628210600.0 | ||
| 008 | 210210b xxu||||| |||| 00| 0 eng d | ||
| 040 | _c. | ||
| 082 | _a922.97 SAD | ||
| 100 |
_aAbu Saadat Jalili _980049 |
||
| 245 | _aMubarizud dowlah tarik mujahideen may hyderabad deccan kha hisa aur mubarizud dowlah | ||
| 260 |
_aISLAMABAD _bNATIONAL BOOK FOUNDATION _c1998 |
||
| 300 | _a409P | ||
| 650 |
_aWAHABI TEHRIK LEADER-MUBARIZUD DOWLAH ANTI BRITISH MOVEMENT LEADER-MUBARIZUD DOWLAH _980050 |
||
| 942 |
_cBK _2ddc |
||
| 999 |
_c585026 _d585026 |
||